[Event "NZD-ch105"]
[Site "Hamilton"]
[Date "1998.??.??"]
[Round "2.6"]
[White "Guthrie, David"]
[Black "Spain, Graeme"]
[Result "1-0"]
[WhiteElo "2125"]
[BlackElo "2215"]

1.d4 d5 2.c4 Nc6 3.cxd5 Qxd5 4.e3 e5 5.Nc3 Bb4 6.Bd2 Bxc3 7.bxc3 Qd6 8.Bd3 f5
9.Ne2 Nf6 10.O-O O-O 11.f3 Kh8 12.Qc2 g6 13.Rad1 Bd7 14.Kh1 Rae8 15.e4 fxe4
16.fxe4 Ng4 17.d5 Nf2+ 18.Rxf2 Rxf2 19.dxc6 Qxc6 20.Be3 Rf7 21.c4 Bg4 22.Rb1 Bxe2
23.Bxe2 b6 24.c5 Rb8 25.Bc4 Rff8 26.Bh6 Rfd8 27.Bg5 Rf8 28.Bd5 Qd7 29.c6 Qe8
30.Qc3 h5 31.Bh4 Kh7 32.Bg3 Qe7 33.Qxe5 Qxe5 34.Bxe5 Rbc8 35.Kg1 Rfe8 36.Bd4 Rf8
37.Rf1 Rxf1+ 38.Kxf1 Rf8+ 39.Ke2 Re8 40.h4 Re7 41.Bf6 Re8 42.Ke3 a5 43.a4 Rb8
44.Be5 Rc8 45.Kd4 Kh6 46.Be6 Rd8+ 47.Bd7 Rf8 48.Bxc7  1-0

[Event "NZD-ch105"]
[Site "Hamilton"]
[Date "1998.??.??"]
[Round "4.8"]
[White "Cooper, David"]
[Black "Spain, Graeme"]
[Result "1-0"]
[WhiteElo "2055"]
[BlackElo "2215"]

1.d4 d5 2.c4 Nc6 3.cxd5 Qxd5 4.e3 e5 5.Nc3 Bb4 6.Bd2 Bxc3 7.bxc3 Qd6 8.Bd3 f5
9.Qc2 e4 10.Bb5 Nf6 11.Ne2 O-O 12.h4 Be6 13.Nf4 Bf7 14.h5 a6 15.Be2 Ne7 16.Rb1 Rfb8
17.O-O c5 18.dxc5 Qxc5 19.c4 b5 20.Bb4 Qc7 21.Bxe7 Qxe7 22.cxb5 axb5 23.Rxb5 Rxb5
24.Bxb5 Rxa2 25.Qc8+ Qf8 26.Rc1 Ra8 27.Qxf5 h6 28.Ng6 Qd8 29.Be2 Rb8 30.g4 Ra8
31.Kg2 Rb8 32.Bc4 Bxc4 33.Rxc4 Ra8 34.Kh3 Rb8 35.Qe6+ Kh7 36.Ne7 Ra8 37.Qf5+ Kh8
38.Rc8 Rxc8 39.Qxc8 Qxc8 40.Nxc8 Kg8 41.Nd6 g6 42.hxg6 Kg7 43.Kg3 Kxg6 44.Kf4 Nd5+
45.Kxe4 Nf6+ 46.Kf4 Nd5+ 47.Ke5 Nf6 48.f3 h5 49.gxh5+ Nxh5 50.f4 Nf6 51.f5+ Kg7
52.Ke6 Ng4 53.e4 Kf8 54.f6 Nf2 55.Kf5 Nd3 56.e5 Nb4 57.e6 Nc6 58.Ke4 Ne7
59.fxe7+ Kxe7 60.Ke5 Kf8 61.Kf6  1-0

[Event "NZD-ch105"]
[Site "Hamilton"]
[Date "1998.??.??"]
[Round "11.6"]
[White "Wastney, Scott"]
[Black "Spain, Graeme"]
[Result "1-0"]
[WhiteElo "2135"]
[BlackElo "2215"]

1.d4 d5 2.c4 Nc6 3.cxd5 Qxd5 4.e3 e5 5.Nc3 Bb4 6.Bd2 Bxc3 7.Bxc3 exd4 8.Ne2 Bg4
9.f3 Bxf3 10.gxf3 Qxf3 11.Nxd4 Qxh1 12.Nxc6 Nf6 13.Na5 Qxh2 14.Qa4+ c6 15.O-O-O Qc7
16.Qa3 Rd8 17.Rxd8+ Kxd8 18.Qc5 Re8 19.Bh3 Qg3 20.Nxc6+ Kc7 21.Be5+ Rxe5
22.Nxe5+ Kd8 23.Qd6+ Ke8 24.Bd7+  1-0

[Event "Helsinki-ch"]
[Site "Helsinki"]
[Date "1998.??.??"]
[Round "5"]
[White "Parkkinen, Jyrki"]
[Black "Keskisarja, Teemu"]
[Result "1-0"]
[WhiteElo "2155"]
[BlackElo "2290"]

1.d4 d5 2.c4 Nc6 3.Nf3 Bg4 4.cxd5 Bxf3 5.gxf3 Qxd5 6.e3 e5 7.Nc3 Bb4 8.Bd2 Bxc3
9.bxc3 exd4 10.cxd4 Nge7 11.Bc3 O-O-O 12.Be2 Rhe8 13.Qb3 f5 14.O-O-O Rd6
15.Bc4 Qxf3 16.Be6+ Kb8 17.d5 Qxf2 18.Rhe1 Red8 19.dxc6 Rxd1+ 20.Rxd1 Qxe3+
21.Bd2 Qc5+ 22.Qc3 Qd6 23.Bd7 Nd5 24.Qb3 Nb6 25.Be3  1-0

[Event "Hessenliga9798"]
[Site "Hessen"]
[Date "1998.??.??"]
[Round "?.2"]
[White "Wornath, Kai"]
[Black "Deuster, Heinz Juergen"]
[Result "1/2-1/2"]
[WhiteElo "2230"]
[BlackElo "2195"]

1.d4 d5 2.c4 Nc6 3.Nf3 Bg4 4.cxd5 Bxf3 5.gxf3 Qxd5 6.e3 e5 7.Nc3 Bb4 8.a3 Bxc3+
9.bxc3 exd4 10.cxd4 O-O-O 11.Bd3 Nf6 12.Rb1 Rhe8 13.O-O a6 14.Bb2 Rd6 15.Kh1 Qh5
16.Rg1 Nd5 17.f4 Qxd1 18.Rbxd1 g6 19.Kg2 f5 20.h4 Nce7 21.Kf3 Rb6 22.Rb1 Nf6
23.Bc3 Rxb1 24.Bxb1 Ned5 25.Bd2 b5 26.Rg5 Rf8 27.Ke2 c6 28.f3 Nh5 29.Rg1 Kb7
30.Ba2 Kb6 31.Bxd5 cxd5 32.Bb4 Re8 33.Kd3 a5 34.Bc5+ Ka6 35.Bd6 Re6 36.Be5 b4
37.axb4 axb4 38.e4 fxe4+ 39.fxe4 dxe4+ 40.Kxe4 Nf6+ 41.Kd3 Rc6 42.Bxf6 Rxf6
43.Ke4 Kb5 44.d5 b3 45.Rd1 Kc5 46.Ke5 Rf5+ 47.Ke6 Rxf4 48.d6 Rf8 49.d7 Kb4
50.d8=Q Rxd8 51.Rxd8 h6 52.Kf6 g5  1/2-1/2

[Event "HUN-chT9899"]
[Site "HUN"]
[Date "1998.??.??"]
[Round "?"]
[White "Deak, Ferenc"]
[Black "Nemeth, Mi"]
[Result "1/2-1/2"]
[WhiteElo "2220"]
[BlackElo "2045"]

1.d4 d5 2.c4 Nc6 3.cxd5 Qxd5 4.Nf3 e5 5.Nc3 Bb4 6.Bd2 Bxc3 7.Bxc3 exd4 8.Nxd4 Nxd4
9.Bxd4 f6 10.e3 Ne7 11.Qc2 Nc6 12.Rd1 Bf5 13.Qc4 Qxc4 14.Bxc4 Nxd4 15.Rxd4 Rd8
16.Rxd8+ Kxd8 17.Ke2 Ke7 18.f3 Rd8 19.Rc1 c6 20.e4 Be6 21.Bxe6  1/2-1/2

[Event "Zemplen Kupa op"]
[Site "Hungary"]
[Date "1998.??.??"]
[Round "6"]
[White "Andor, Laszlo"]
[Black "Szabo, Gergely"]
[Result "0-1"]
[WhiteElo "2180"]
[BlackElo "2225"]

1.c4 Nc6 2.d4 d5 3.Nf3 e5 4.dxe5 Bb4+ 5.Bd2 dxc4 6.Nc3 Nge7 7.e4 Be6 8.a3 Ba5
9.Qa4 a6 10.Rd1 b5 11.Qc2 Qb8 12.Na2 Bxd2+ 13.Rxd2 O-O 14.Be2 Ng6 15.O-O Bg4
16.e6 fxe6 17.h3 Bxf3 18.Bxf3 e5 19.Bg4 Nd4 20.Qc3 Qe8 21.Nb4 Nf4 22.Nd5 Ra7
23.Qe3 c5 24.g3 h5 25.gxf4 hxg4 26.hxg4 exf4 27.Nxf4 Raf7 28.Ng6 Nf3+ 29.Kg2 Nxd2
30.Rh1 Rxf2+ 31.Qxf2 Rxf2+  0-1

[Event "Pan American-chJ"]
[Site "Isla Margarita"]
[Date "1998.??.??"]
[Round "?"]
[White "Belmonte, Diego Mariano"]
[Black "Moreda, Lucas"]
[Result "1/2-1/2"]
[WhiteElo "2200"]
[BlackElo "2305"]

1.d4 d5 2.c4 Nc6 3.Nf3 Bg4 4.e3 e5 5.cxd5 Qxd5 6.Nc3 Bb4 7.Be2 Nf6 8.O-O Bxc3
9.bxc3 O-O 10.c4 Qd6 11.Bb2 exd4 12.exd4 Rfe8 13.d5 Na5 14.Qc2 b6 15.Rfe1 Nb7
16.Rad1 Bh5 17.Bd4 Nc5 18.h3 Re4 19.Be3 Rae8 20.Nd4 Bg6 21.Qb2 Rxe3 22.fxe3 Qg3
23.Bf1 Nfe4 24.Qe2 Nc3 25.Qf2 Qxf2+ 26.Kxf2 N5e4+ 27.Kf3 Nxd1 28.Rxd1 a6
29.Nc6 Kf8 30.Bd3 Nc3 31.Rd2 a5 32.Bxg6 hxg6 33.Nd4 Ne4 34.Rc2 Nc5 35.Nb5 Re7
36.Rd2 Re4 37.Rd4 Rxd4 38.exd4 Na6 39.d6 c6 40.Na7 Nb8 41.c5 bxc5 42.dxc5 Ke8
43.Ke4 Kd7 44.Kd4 g5 45.a3 f6 46.Ke4 g6 47.Kd4 Ke6 48.Nc8 Nd7 49.Ne7 Ne5
50.Nc8 g4 51.hxg4 Nxg4 52.Nb6 Nh6 53.Nc4 Nf5+ 54.Ke4 a4 55.Nb6 Nh4 56.g4 f5+
57.gxf5+ gxf5+ 58.Kd3 Nf3 59.Nxa4 Kd5 60.Ke3 Ne5 61.Kd2 f4 62.Ke2 Kc4 63.Kf2 Kb5
64.Nb6  1/2-1/2

[Event "Pan American-chJ"]
[Site "Isla Margarita"]
[Date "1998.??.??"]
[Round "?"]
[White "Marques, Vinicius"]
[Black "Moreda, Lucas"]
[Result "0-1"]
[WhiteElo "2260"]
[BlackElo "2305"]

1.d4 d5 2.c4 Nc6 3.e3 e5 4.dxe5 dxc4 5.Qxd8+ Kxd8 6.Nf3 Nb4 7.Kd2 Bf5 8.Nd4 Bd3
9.Na3 c5 10.Nf3 Kc7 11.Nxc4 Bg6 12.Na3 Rd8+ 13.Ke1 Ne7 14.Bd2 Nec6 15.Bc3 Be7
16.Be2 a6 17.e6 f6 18.Nh4 Be4 19.b3 b5 20.f3 Bd3 21.g4 Rd6 22.Nf5 Rxe6 23.e4 Bf8
24.Kf2 g6 25.Ne3 Bh6 26.Bd2 Kb7 27.Rhc1 Bxe2 28.Kxe2 Nd4+ 29.Kf2 Nd3+ 30.Kg2 Nxc1
31.Rxc1 Rd8 32.Nb1 f5 33.gxf5 gxf5 34.Rxc5 Rg6+ 35.Kf2 fxe4 36.fxe4 Rf6+
37.Nf5 Nxf5  0-1

[Event "Heart of Finland op"]
[Site "Jyvaskyla"]
[Date "1998.??.??"]
[Round "?"]
[White "Bagirov, Vladimir"]
[Black "Keskisarja, Teemu"]
[Result "0-1"]
[WhiteElo "2460"]
[BlackElo "2290"]

1.d4 d5 2.c4 Nc6 3.cxd5 Qxd5 4.e3 e5 5.Nc3 Bb4 6.Bd2 Bxc3 7.bxc3 Nf6 8.f3 O-O
9.c4 Qd6 10.d5 Ne7 11.Ne2 c6 12.e4 b5 13.cxb5 cxd5 14.Qa4 Bb7 15.Bb4 Qe6
16.Ng3 Rfd8 17.Qb3 Ng6 18.Be2 Nf4 19.O-O-O a5 20.Ba3 a4 21.Qb4 Nxe2+ 22.Nxe2 dxe4
23.Rxd8+ Rxd8 24.Rd1 Rc8+ 25.Kb2 exf3 26.gxf3 Bxf3 27.Rd6 Qe8 28.Nc3 e4 29.b6 e3
30.Qb5 e2 31.b7 Rb8  0-1

[Event "Kazan (Women)"]
[Site "Kazan"]
[Date "1998.??.??"]
[Round "8"]
[White "Zayac, Elena"]
[Black "Sorokina, Anastasia"]
[Result "1-0"]
[WhiteElo "2265"]
[BlackElo "2110"]

1.d4 d5 2.c4 Nc6 3.Nc3 dxc4 4.Nf3 e6 5.e4 Nf6 6.Bxc4 Bb4 7.Bg5 h6 8.Bxf6 Qxf6
9.O-O O-O 10.e5 Qd8 11.a3 Ba5 12.Qd3 a6 13.b4 Bb6 14.Rad1 Ne7 15.Ba2 Bd7
16.Bb1 g6 17.Nd2 Bc6 18.Nde4 Kg7 19.Nf6 Nf5 20.d5 exd5 21.Ncxd5 Bb5 22.Qc3 Bxf1
23.Bxf5 gxf5 24.e6 Rg8 25.e7 Qd6 26.Ne8+ Kh7 27.Ndf6+  1-0

[Event "Korinthos op"]
[Site "Korinthos"]
[Date "1998.??.??"]
[Round "6"]
[White "Andrews, Todd D"]
[Black "Miladinovic, Igor"]
[Result "0-1"]
[WhiteElo "2145"]
[BlackElo "2565"]

1.d4 d5 2.c4 Nc6 3.Nc3 Nf6 4.Nf3 dxc4 5.e4 Bg4 6.Be3 e6 7.Qa4 Nd7 8.d5 exd5
9.Nxd5 Nb6 10.Bxb6 cxb6 11.Ne5 Bd7 12.Nxd7 Qxd7 13.O-O-O Qc8 14.Bxc4 Bc5
15.b4 Be7 16.Kb1 Bd8 17.Qb3 O-O 18.Rc1 Qg4 19.Qe3 Kh8 20.f4 Ne7 21.h3 Qh4
22.g3 Qh6 23.Nxe7 Bxe7 24.Qb3 a5 25.Bxf7 Qf6 26.Bd5 axb4 27.Qb2 Qg6 28.Rc7 Bf6
29.Qxb4 Qxg3 30.Bxb7 Rae8 31.e5 Bd8 32.Rc4 Qd3+ 33.Ka1 Be7 34.Qc3 Qxc3+ 35.Rxc3 Rxf4
36.Rc8 Rxc8 37.Bxc8 Re4 38.e6 Bf6+ 39.Kb1 Rb4+ 40.Kc1 Rc4+  0-1

[Event "Korinthos op"]
[Site "Korinthos"]
[Date "1998.??.??"]
[Round "7"]
[White "Belakovskaia, Anjelina"]
[Black "Bae, Torstein"]
[Result "1/2-1/2"]
[WhiteElo "2385"]
[BlackElo "2180"]

1.d4 d5 2.c4 Nc6 3.Nc3 dxc4 4.d5 Ne5 5.Qd4 Ng6 6.e4 e5 7.Qxc4 Bd6 8.g3 Nf6
9.h4 O-O 10.h5 Ne7 11.Bg5 Nd7 12.Bh3 a6 13.Nf3 b5 14.Qe2 Nb6 15.Bxc8 Rxc8
16.h6 g6 17.Bf6 Nd7 18.Bg7 Re8 19.Ng5 Nxd5 20.Nxf7 Nxc3 21.Qf3 Rf8 22.Bxf8 Qxf8
23.bxc3 Qxf7 24.Qxf7+ Kxf7 25.a4 Nc5 26.axb5 axb5 27.f3 Ke6 28.Ke2 Nd7 29.Rhb1 Rb8
30.Ra6 Kf7 31.Ra7 g5 32.Rd1 Ke7 33.Rb1 Rb6 34.Ra8 Kf7 35.Rd8 Nf8 36.Kd3 b4
37.cxb4 Rxb4 38.Rxb4 Bxb4 39.Rd5 Bd6 40.f4 gxf4 41.gxf4 Ng6 42.fxe5 Nxe5+
43.Kd4 Nc6+ 44.Kc4 Kg6 45.Rd1 Ne5+ 46.Kd5 Kxh6 47.Rh1+ Kg6 48.Rg1+ Kf6 49.Rh1 Kg7
50.Rg1+ Ng6 51.Ke6 Be5 52.Kf5 Bd4 53.Rc1 Be5 54.Rg1 Bf4 55.Ra1 Bd6 56.Rh1 c5
57.Rc1 Kf7 58.e5 Bxe5 59.Rxc5 Bf6 60.Kg4 Be7 61.Ra5 Nf8 62.Kh5 Kg7 63.Ra7 Ng6
64.Rd7 h6 65.Rb7 Nf4+ 66.Kg4 Nd5 67.Rb5 Nf6+ 68.Kf5 Kf7 69.Rb6 Ng8 70.Rg6  1/2-1/2

[Event "RUS-ch sf"]
[Site "Krasnodar"]
[Date "1998.??.??"]
[Round "?"]
[White "Zakharstov, Viacheslav V"]
[Black "Batikiants, S."]
[Result "1/2-1/2"]
[WhiteElo "2450"]
[BlackElo "2195"]

1.d4 d5 2.c4 Nc6 3.Nf3 Bg4 4.cxd5 Bxf3 5.gxf3 Qxd5 6.e3 e5 7.Nc3 Bb4 8.Bd2 Bxc3
9.bxc3 Qd7 10.Rb1 O-O-O  1/2-1/2

[Event "RUS-ch sf"]
[Site "Krasnodar"]
[Date "1998.??.??"]
[Round "?"]
[White "Tamaev, T."]
[Black "Batikiants, S."]
[Result "1-0"]
[WhiteElo "2305"]
[BlackElo "2195"]

1.d4 d5 2.c4 Nc6 3.cxd5 Qxd5 4.Nf3 Bg4 5.Nc3 Qa5 6.e3 e5 7.d5 O-O-O 8.Bd2 Nce7
9.e4 Ng6 10.Qc2 Bxf3 11.gxf3 Qb6 12.Rc1 Bb4 13.a3 Bxc3 14.Qxc3 Qd6 15.Be3 b6
16.Qc4 N8e7 17.Qa6+ Kb8 18.Bb5 Ka8 19.Rc6  1-0

[Event "RUS-Cup"]
[Site "Krasnodar"]
[Date "1998.??.??"]
[Round "2"]
[White "Averkin, Orest N"]
[Black "Batikiants, S."]
[Result "1-0"]
[WhiteElo "2430"]
[BlackElo "2195"]

1.d4 d5 2.c4 Nc6 3.cxd5 Qxd5 4.e3 e5 5.Nc3 Bb4 6.Bd2 Bxc3 7.Bxc3 exd4 8.Ne2 Bg4
9.f3 Bxf3 10.gxf3 Qxf3 11.Nxd4 Qxh1 12.Nxc6 Nf6 13.Na5 Qxh2 14.Qa4+ c6 15.O-O-O Qc7
16.Qb4 Nd5 17.Rxd5 cxd5 18.Bb5+ Kd8 19.Nxb7+ Kc8 20.Nd6+ Kb8 21.Ba6+ Qb6
22.Nc4  1-0

[Event "RUS-Cup"]
[Site "Krasnodar"]
[Date "1998.??.??"]
[Round "6"]
[White "Aleksandrov, Aleksej"]
[Black "Kobalija, Mihail"]
[Result "1-0"]
[WhiteElo "2615"]
[BlackElo "2500"]

1.d4 d5 2.c4 Nc6 3.e3 e5 4.dxe5 d4 5.a3 f6 6.exf6 Nxf6 7.Nf3 dxe3 8.Qxd8+ Nxd8
9.Bxe3 Ng4 10.Bf4 Bc5 11.Bg3 O-O 12.Be2 Ne6 13.Nc3 Nf4 14.b4 Bd6 15.O-O Be6
16.Bxf4 Bxf4 17.g3 Bh6 18.Nb5 Rae8 19.Nbd4 Bd7 20.c5 Kh8 21.Bc4 g6 22.h3 Nf6
23.Kg2  1-0

[Event "POR-ch"]
[Site "Lisbon"]
[Date "1998.??.??"]
[Round "2"]
[White "Pinho, Paulo"]
[Black "Parcerias, Pedro"]
[Result "1/2-1/2"]
[WhiteElo "2150"]
[BlackElo "2255"]

1.d4 d5 2.c4 Nc6 3.Nc3 dxc4 4.Nf3 Nf6 5.e4 Bg4 6.Be3 e6 7.Qa4 Bxf3 8.gxf3 Bb4
9.Bxc4 O-O 10.Bb5 Bxc3+ 11.bxc3 Ne7 12.Be2 Ng6 13.Qb5 Rb8 14.Rg1 e5 15.dxe5 c6
16.Qb3 Nxe5 17.Bxa7 Ra8 18.Bd4 Qc7 19.f4 Ned7 20.e5 Nd5 21.e6 N7f6 22.c4 Qxf4
23.Qg3 Nh5 24.exf7+ Rxf7 25.Qxf4 Ndxf4 26.Bd1 Nd3+ 27.Kd2 Nhf4 28.Bb6 Ne5
29.Kc3 Rd7 30.Bd4 Neg6 31.Re1 Rad8 32.Bb6 Rd3+ 33.Kb4 R8d7 34.Bb3 Ne7 35.Rad1 Kf7
36.Be3 g5 37.Bc2 Rxd1 38.Rxd1 Rxd1 39.Bxd1 Ne6 40.Bh5+ Kf6 41.Be8 Nf5 42.Bd2 Ke7
43.Bh5 Kd6 44.Bg4 Nfd4 45.Bxe6 Nxe6 46.Be3 g4 47.Ka5 Kc7 48.Kb4 Kd6 49.Ka5  1/2-1/2

[Event "Ljubljana op"]
[Site "Ljubljana"]
[Date "1998.??.??"]
[Round "1"]
[White "Kodela, Matjaz"]
[Black "Kovacevic, Blazimir"]
[Result "0-1"]
[WhiteElo "1865"]
[BlackElo "2395"]

1.d4 d5 2.c4 Nc6 3.Nf3 Bg4 4.e3 e6 5.Nc3 Bb4 6.Be2 Nf6 7.O-O O-O 8.Qc2 dxc4
9.Bxc4 Bxf3 10.gxf3 e5 11.a3 Bd6 12.d5 Ne7 13.e4 a6 14.Kh1 Nh5 15.Rg1 Ng6
16.Bg5 Qd7 17.Bf1 Nhf4 18.Ne2 Nxe2 19.Qxe2 Rfe8 20.Qd2 Nf4 21.Bxf4 exf4 22.Bd3 Qh3
23.Qe2 Re5 24.Rg2 Rh5 25.Re1 Be5 26.b4 Rd8 27.Qf1 Rd6 28.Be2 Rdh6 29.Qg1 Qd7
30.Rb1 b5 31.Qd1 Rd6 32.Rb3 c6 33.Rd3 cxd5 34.Rxd5 Rxd5 35.exd5 Bf6 36.Qd2 Rxd5
37.Qxf4 Qd6 38.Qe4 g6 39.f4 Kg7 40.f5 Re5 41.Qf3 Qd2 42.fxg6 hxg6 43.Bd1 Rf5
44.Qe2 Qc1 45.Qc2 Qf4 46.Kg1 Rd5 47.f3 Qd4+  0-1

[Event "Miskolc Avas op"]
[Site "Miskolc"]
[Date "1998.??.??"]
[Round "9"]
[White "Svoboda, Svatopluk"]
[Black "Szabo, Gergely"]
[Result "1/2-1/2"]
[WhiteElo "2125"]
[BlackElo "2225"]

1.d4 d5 2.c4 Nc6 3.Nf3 e5 4.dxe5 Bb4+ 5.Bd2 dxc4 6.Qa4 Qe7 7.a3 Bxd2+ 8.Nbxd2 a6
9.Qxc4 Nxe5 10.Nxe5 Qxe5 11.Qe4 Qe6 12.Rc1 c6 13.Qxe6+ Bxe6 14.Ne4 O-O-O
15.Nc5 Bd5 16.e4 Re8 17.Bd3 f5 18.f3 Nf6 19.O-O fxe4 20.fxe4 Nxe4 21.Bxe4 Bxe4
22.Rf7 Bd5 23.Rxb7 g6 24.Ra7 Kb8 25.Rd7 Kc8 26.Ra7  1/2-1/2

[Event "RUS-Cup02"]
[Site "Moscow"]
[Date "1998.??.??"]
[Round "6"]
[White "Lugovoi, Aleksei"]
[Black "Ivanov, Mikhail Y"]
[Result "1-0"]
[WhiteElo "2540"]
[BlackElo "2230"]

1.d4 d5 2.c4 Nc6 3.Nc3 dxc4 4.Nf3 Nf6 5.e4 Bg4 6.d5 Ne5 7.Bf4 Ng6 8.Be3 e5
9.Bxc4 a6 10.Be2 Bd6 11.Nd2 Bd7 12.O-O O-O 13.Nc4 Bb4 14.Qd3 b5 15.Nd2 Bd6
16.Qc2 Ng4 17.Bxg4 Bxg4 18.Nb3 Nf4 19.f3 Bc8 20.Rfe1 f5 21.Bxf4 exf4 22.e5 Bb4
23.Rad1 Bb7 24.Qd2 Qg5 25.a3 Be7 26.Qf2 b4 27.axb4 Bxb4 28.Nc5 Bc8 29.d6 cxd6
30.exd6 Rd8 31.Qd4 Bxc5 32.Qxc5 Bb7 33.Nd5 Bxd5 34.Qxd5+ Kh8 35.d7 h6 36.Qxa8  1-0

[Event "RUS-Cup02"]
[Site "Moscow"]
[Date "1998.??.??"]
[Round "8"]
[White "Mitenkov, Alexey"]
[Black "Yashtylov, Anatolij"]
[Result "1/2-1/2"]
[WhiteElo "2435"]
[BlackElo "2295"]

1.d4 d5 2.c4 Nc6 3.cxd5 Qxd5 4.e3 e5 5.Nc3 Bb4 6.Bd2 Bxc3 7.bxc3 Nge7 8.f3 Qd6
9.Qb1 O-O 10.Bd3 Kh8 11.Ne2 f5 12.O-O b6 13.Qb2 Bd7 14.Rad1 Rad8 15.c4 a5
16.Bc3 Qh6 17.f4 e4 18.Bc2 Nb8 19.d5 Na6 20.d6 Nc8 21.c5 bxc5 22.dxc7 Nxc7
23.Bxa5 Qc6 24.Nc3 c4 25.Qa3 Be6 26.Ba4 Qb7 27.Qc5 Na6 28.Qe5 Rxd1 29.Rxd1 Qe7
30.Bb5 Nb4 31.Bxb4 Qxb4 32.Qxe6 Qxc3 33.Qxf5 Qxe3+ 34.Kh1 Rg8 35.Bxc4 Nd6
36.Qd5 Nxc4 37.Qxc4 Qxf4 38.Qe6 e3 39.Re1 Qf2  1/2-1/2

[Event "CERA Bank op"]
[Site "NED"]
[Date "1998.??.??"]
[Round "?"]
[White "Khenkin, Igor"]
[Black "Koerholz, Ludger"]
[Result "1-0"]
[WhiteElo "2565"]
[BlackElo "2315"]

1.d4 d5 2.c4 Nc6 3.cxd5 Qxd5 4.e3 e5 5.Nc3 Bb4 6.Bd2 Bxc3 7.bxc3 Nf6 8.f3 exd4
9.cxd4 O-O 10.Qb3 Qd6 11.Bc4 a6 12.Ne2 b5 13.Bd3 Be6 14.Qc2 Nb4 15.Bxb4 Qxb4+
16.Kf2 Rac8 17.Rhc1 Rfd8 18.Nf4 Bd7 19.g4 g5 20.Ne2 Qd6 21.Ng3 Be6 22.Qc5 h6
23.a4 Qxc5 24.Rxc5 Nd7 25.Rcc1 c5 26.axb5 c4 27.Nf5 Bxf5 28.Bxf5 axb5 29.Ra7 Nb6
30.Bxc8 Rxc8 31.Ra5 Ra8 32.Rxb5 Ra2+ 33.Kg3  1-0

[Event "Wch U14"]
[Site "Oropesa del Mar"]
[Date "1998.??.??"]
[Round "10"]
[White "Zivanic, Marko"]
[Black "Lupulescu, Constantin"]
[Result "0-1"]
[WhiteElo "2320"]
[BlackElo "2205"]

1.d4 d5 2.c4 Nc6 3.cxd5 Qxd5 4.e3 e5 5.Nc3 Bb4 6.Bd2 Bxc3 7.bxc3 Nf6 8.c4 Qd6
9.d5 Ne7 10.Bd3 c6 11.e4 b5 12.cxb5 cxd5 13.Qa4 Bb7 14.Bb4 Qd7 15.Rd1 Qe6
16.b6+ Nc6 17.exd5 Qxd5 18.Nf3 axb6 19.Qb5 e4 20.O-O O-O-O 21.Qxb6 exd3 22.Rc1 Nd7
23.Qa7 Ne5 24.Nxe5 Qxe5 25.Rc5 d2 26.Qa4 Qd6 27.Rc2 d1=Q  0-1

[Event "Oulu We Sh-77"]
[Site "Oulu"]
[Date "1998.??.??"]
[Round "3"]
[White "Kilpi, Teemu"]
[Black "Maki Torkko, Martti"]
[Result "1-0"]
[WhiteElo "2170"]
[BlackElo "2165"]

1.d4 Nc6 2.c4 d5 3.cxd5 Qxd5 4.e3 e5 5.Nc3 Bb4 6.Bd2 Bxc3 7.Bxc3 exd4 8.Ne2 Nge7
9.Nxd4 O-O 10.Nb5 Qg5 11.Nxc7 Bg4 12.h4 Qg6 13.Bd3 Bf5 14.Bxf5 Nxf5 15.Qf3 Rad8
16.Nd5 Qe6 17.Rd1 Ncd4 18.Bxd4 Rxd5 19.Bxa7 Rxd1+ 20.Qxd1 Qxa2 21.Bc5 Rc8
22.O-O Qc4 23.b4 Qe6 24.Qg4 g6 25.Rd1 h5 26.Qg5 Kg7 27.Qf4 b6 28.Bd4+ f6
29.Ra1 Re8 30.Qc7+ Re7 31.Qxb6 Nxd4 32.Qxd4 Rd7 33.Ra7 Rxa7 34.Qxa7+ Kh6
35.Qd4 Qc6 36.Qc5 Qe6 37.Qd4 Qf5 38.Qf4+  1-0

[Event "Paris op"]
[Site "Paris"]
[Date "1998.??.??"]
[Round "3"]
[White "Gofshtein, Leonid D"]
[Black "Bernard, Jacques"]
[Result "1-0"]
[WhiteElo "2500"]
[BlackElo "2165"]

1.d4 d5 2.c4 Nc6 3.cxd5 Qxd5 4.e3 e5 5.Nc3 Bb4 6.Bd2 Bxc3 7.Bxc3 exd4 8.Ne2 Bg4
9.f3 Bxf3 10.gxf3 Qxf3 11.Bxd4 Nxd4 12.Qxd4 Qxh1 13.Qxg7 O-O-O 14.Qxh8 Qxh2
15.Qg7 Qh4+ 16.Qg3 Qb4+ 17.Kf2 Nf6 18.Qf4 Qxb2 19.Rc1 Nd5 20.Qd4 Qa3 21.Bg2 c6
22.Bxd5 Qe7 23.Qe4 Qd6 24.Bxc6  1-0

[Event "Paris op"]
[Site "Paris"]
[Date "1998.??.??"]
[Round "4"]
[White "Royer, Sylvain"]
[Black "Leski, Marc"]
[Result "0-1"]
[WhiteElo "2200"]
[BlackElo "2415"]

1.d4 d5 2.c4 Nc6 3.cxd5 Qxd5 4.e3 e5 5.Nc3 Bb4 6.Bd2 Bxc3 7.Bxc3 exd4 8.Ne2 Bg4
9.f3 Nf6 10.Nxd4 O-O-O 11.Qa4 Qg5 12.Nxc6 Qxe3+ 13.Be2 Rhe8 14.Nxa7+ Kb8
15.Nc6+ bxc6 16.Qc4 Rd3 17.Qb3+ Kc8 18.Qc2 Nd5 19.Kf1 Bf5 20.Rd1 Nxc3 21.bxc3 Rd5
22.Ba6+ Kd8 23.Qc1 Qxc1 24.Rxc1 Rd2 25.h3 Bc8 26.Bxc8 Kxc8  0-1

[Event "CRO-chT2"]
[Site "Pula"]
[Date "1998.??.??"]
[Round "6"]
[White "Viland, Boris"]
[Black "Dusper, Hrvoje"]
[Result "0-1"]
[WhiteElo "2195"]
[BlackElo "2225"]

1.d4 d5 2.c4 Nc6 3.Nc3 e5 4.cxd5 exd4 5.dxc6 dxc3 6.Qa4 b5 7.Qxb5 cxb2 8.Bxb2 Be6
9.Bc3 Rb8 10.Qa4 Qd5 11.e3 Nf6 12.Nf3 Ne4 13.Qxa7 Rd8 14.Ba5 Bc5 15.Qxc7 O-O
16.Qe5 Qxc6 17.Be2 f6 18.Qc7 Qa8 19.Nd4 Rxd4 20.exd4 Rc8 21.dxc5 Rxc7 22.Bxc7 Nc3
23.Bf3 Qa6 24.Bf4 Bd5 25.Bxd5+ Nxd5 26.Bd2 Qe6+ 27.Kf1 Qa6+ 28.Ke1 Qe6+ 29.Kd1 Qg4+  0-1

[Event "Roskilde op"]
[Site "Roskilde"]
[Date "1998.??.??"]
[Round "1"]
[White "Grabliauskas, Virginijus"]
[Black "Nicolaisen, Erik"]
[Result "1-0"]
[WhiteElo "2465"]
[BlackElo "2035"]

1.d4 d5 2.c4 Nc6 3.cxd5 Qxd5 4.e3 e5 5.Nc3 Bb4 6.a3 Bxc3+ 7.bxc3 Nf6 8.c4 Qd6
9.d5 Ne7 10.a4 Bf5 11.Nf3 Bg4 12.Ba3 Bxf3 13.Qxf3 Qb6 14.Bd3 Qa5+ 15.Ke2 c5
16.dxc6 Nxc6 17.Bd6 Rd8 18.c5 Qb4 19.Qf5 e4 20.Bc2 Qc4+ 21.Kd2 Nb4 22.Qe5+ Kd7
23.Qe7+ Kc6 24.Qc7+ Kd5 25.Qxf7+  1-0

[Event "Roskilde op"]
[Site "Roskilde"]
[Date "1998.??.??"]
[Round "9"]
[White "Kraai, Jesse"]
[Black "Bromann, Thorbjorn"]
[Result "1-0"]
[WhiteElo "2345"]
[BlackElo "2245"]

1.d4 d5 2.c4 Nc6 3.cxd5 Qxd5 4.e3 e5 5.Nc3 Bb4 6.Bd2 Bxc3 7.Bxc3 exd4 8.Ne2 Bg4
9.f3 Bxf3 10.gxf3 Qxf3 11.Nxd4 Qxh1 12.Nxc6 Nf6 13.Na5 Qxh2 14.Qa4+ c6 15.O-O-O Qf2
16.Qb4 Nd5 17.Rxd5 Qxf1+ 18.Rd1 Qb5 19.Qd6 Qg5 20.Nxb7 Qe7 21.Qxc6+ Kf8 22.Nd6  1-0

[Event "San Jose op"]
[Site "San Jose"]
[Date "1998.??.??"]
[Round "3"]
[White "Del Campo, A."]
[Black "Roman Gimeno, Javier"]
[Result "1-0"]
[WhiteElo "2155"]
[BlackElo "1990"]

1.d4 d5 2.c4 Nc6 3.Nf3 Bg4 4.e3 e6 5.Nc3 Nf6 6.cxd5 exd5 7.Be2 Be7 8.Bd2 O-O
9.Rc1 a6 10.O-O Bd6 11.a3 Re8 12.b4 Ne7 13.Qb3 c6 14.Na4 Rb8 15.Nc5 Ne4 16.Rc2 Qc7
17.h3 Bf5 18.Rb2 Qc8 19.Rc1 Ng6 20.Nxe4 Bxe4 21.Ne1 Qd8 22.f3 Bf5 23.g4 Qh4
24.Bf1 Qg3+ 25.Bg2 Bd7 26.Qd1 Re7 27.f4 Rbe8 28.Qf3 Qh4 29.Nd3 Qf6 30.Ne5 Nh4
31.Qf2 Nxg2 32.Qxg2 h6 33.a4 Bxe5 34.dxe5 Qe6 35.Bc3 Qg6 36.f5 Qg5 37.Bd4 Rxe5
38.Rf1 Re4 39.Rbf2 h5 40.gxh5 f6 41.Qxg5 fxg5 42.Rg2 Rh4 43.Rxg5 Rxh3 44.Rxg7+ Kf8
45.Rxd7  1-0

[Event "San Jose op"]
[Site "San Jose"]
[Date "1998.??.??"]
[Round "4"]
[White "Baron Rodriguez, Jorge"]
[Black "Gimeno Oteo, Marco Antonio"]
[Result "1-0"]
[WhiteElo "2335"]
[BlackElo "2245"]

1.d4 d5 2.c4 Nc6 3.cxd5 Qxd5 4.e3 e5 5.Nc3 Bb4 6.Bd2 Bxc3 7.Bxc3 exd4 8.Ne2 Bg4
9.f3 Bxf3 10.gxf3 Qxf3 11.Nxd4 Qxh1 12.Nxc6 bxc6 13.Bxg7 Qxh2 14.Qf3 Ne7
15.Bxh8 Rd8 16.Bc3 Rd5 17.Qf2 Qh5 18.e4 Rd6 19.Bg2 Ng6 20.Bf3 Qb5 21.Be2 Qg5
22.Rd1 Re6 23.Qf5 Qh4+ 24.Kd2 Qh2 25.Qh5 Qf4+ 26.Kc2 Qxe4+ 27.Bd3 Qa4+ 28.Kb1 Nf4
29.Qg4 h5 30.Qg8+ Ke7 31.Bc2  1-0

[Event "San Jose op"]
[Site "San Jose"]
[Date "1998.??.??"]
[Round "7"]
[White "Lorente, R."]
[Black "Roman Gimeno, Javier"]
[Result "0-1"]
[WhiteElo "1685"]
[BlackElo "1990"]

1.d4 d5 2.c4 Nc6 3.e3 Nf6 4.Nf3 Bg4 5.cxd5 Bxf3 6.Qxf3 Qxd5 7.Be2 e5 8.Nc3 Bb4
9.Bd2 Bxc3 10.Bxc3 O-O-O 11.dxe5 Nxe5 12.Qxd5 Rxd5 13.f3 Nd3+ 14.Bxd3 Rxd3
15.Bd4 Re8 16.O-O Nd5 17.Bxg7 Nxe3 18.Rfe1 Rg8 19.Be5 Nc2 20.Red1 Re3 21.Bf4 Re2
22.Rac1 Rgxg2+ 23.Kh1 c6 24.h4 Rgf2 25.Rg1 Rxf3 26.Rg8+ Kd7 27.Rd1+ Ke7 28.Bg5+ f6
29.Bxf6+ Rxf6 30.Rg7+ Rf7 31.Rd7+ Kxd7 32.Rxf7+ Re7  0-1

[Event "Liechtenstein op"]
[Site "Schaan"]
[Date "1998.??.??"]
[Round "8"]
[White "Khenkin, Igor"]
[Black "Czebe, Attila"]
[Result "1-0"]
[WhiteElo "2565"]
[BlackElo "2475"]

1.d4 d5 2.c4 Nc6 3.cxd5 Qxd5 4.e3 e5 5.Nc3 Bb4 6.Bd2 Bxc3 7.Bxc3 exd4 8.Ne2 Bg4
9.f3 Bxf3 10.gxf3 Qxf3 11.Bxd4 Nxd4 12.Qxd4 Qxh1 13.Qxg7 O-O-O 14.Qxh8 Qxh2
15.Qg7 Qh4+ 16.Qg3 Qb4+ 17.Kf2 Nf6 18.Bh3+ Kb8 19.Qf4 Qxb2 20.Rc1 Rd6 21.Qc4 Nd5
22.Bg2 Rf6+ 23.Ke1 Qb4+ 24.Qxb4 Nxb4 25.Rc4 c5 26.Nf4 Ra6 27.Rxc5 Rxa2 28.Be4 a5
29.Rb5 f5 30.Rxf5 a4 31.Rb5 Nc2+ 32.Bxc2 Rxc2 33.Ra5 Ra2 34.Nd5 h5 35.Nc3 Rc2
36.Ne2 Ra2 37.Nc3 Rc2 38.Ne2 Ra2 39.Rxh5 a3 40.Ra5 b6 41.Ra4 Kb7 42.Nd4  1-0